• 首页
  • 本馆介绍
  • 公告通知
  • 最新文献
  • 馆藏检索
  • 电子资源
  • 读者导购
  • 参考咨询
  • 我的图书馆
  • 登录
  • 详细信息显示
  • 放入我的书架
  • 预约/预借图书
  • 作者相关作品
  • 分类相关作品
  • 丛书相关作品
  • 出版社相关作品

书目信息

  • 表格格式
  • 工作单格式
  • 卡片格式
题名:
知“性”教师这样做
    
 
作者: 陈海苑 , 万莉莉 著
分册:  
出版信息: 广州   暨南大学出版社  2017
页数: 337页
开本: 25cm
丛书名: 广州市番禺区培智学校"心舞动"丛书
单 册:
中图分类: G764 , G479
科图分类:
主题词: 弱智儿童--性教育--教学参考资料 , 学校教育--性教育--教学参考资料
电子资源:
ISBN: 978-7-5668-2222-2
000 01527oam2 2200337 450
001 3683
005 20180527174821.96
010    @a978-7-5668-2222-2@dCNY49.00
100    @a20180315d2017 em y0chiy50 ea
101 0  @achi
102    @aCN@b440000
105    @ay z 000yy
200 1  @a知“性”教师这样做@9zhi “ xing ” jiao shi zhe yang zuo@e智障学生性教育实用手册@e教师用书@f陈海苑,万莉莉著
210    @a广州@c暨南大学出版社@d2017
215    @a337页@d25cm
225 1  @a广州市番禺区培智学校"心舞动"丛书
300    @a本书为广州市教育科学“十二五”规划项目课题“智障学生性教育校本课程开发的研究”(编号:2013B291)最终成果
300    @a2017年广东省教育教学成果奖(基础教育)三等奖
314    @a陈海苑(女),广州市番禺区培智学院副校长,特殊教育高级教师,广东省特殊教育名教师工作室主持人,广州市番禺区名教师。
314    @a万莉莉(女),华东师范大学特殊教育专业硕士,广州市番禺区培智学院课题研究组副组长。
330    @a本书有覆盖面广和操作性强两大特点,其重点教学对象是义务教育阶段的智障学生,所呈现的真人现场示范、视频图片展示、模拟情境演练、简单歌决教学等方法,能有效指导老师的教学实践工作。
461  0 @12001 @a广州市番禺区培智学校"心舞动"丛书
517 1  @a智障学生性教育实用手册@9zhi zhang xue sheng xing jiao yu shi yong shou ce
606 0  @a弱智儿童@x性教育@j教学参考资料
606 0  @a学校教育@x性教育@j教学参考资料
690    @aG764@v5
690    @aG479@v5
701  0 @a陈海苑@9chen hai yuan@4著
701  0 @a万莉莉@9wan li li@4著
801  0 @aCN@b91MARC@c20180315
905    @aMuseLib@dG764@e109
    
    知“性”教师这样做:智障学生性教育实用手册:教师用书/陈海苑,万莉莉著.-广州:暨南大学出版社,2017
    337页;25cm.-(广州市番禺区培智学校"心舞动"丛书)
    本书为广州市教育科学“十二五”规划项目课题“智障学生性教育校本课程开发的研究”(编号:2013B291)最终成果.-2017年广东省教育教学成果奖(基础教育)三等奖
    
    ISBN 978-7-5668-2222-2:CNY49.00
    本书有覆盖面广和操作性强两大特点,其重点教学对象是义务教育阶段的智障学生,所呈现的真人现场示范、视频图片展示、模拟情境演练、简单歌决教学等方法,能有效指导老师的教学实践工作。
●
相关链接 在E读中查询图书 在五车中查询图书 在当当中查询图书 在豆瓣中查询图书


正题名:知"性"教师这样做     索取号:G764/109         预约/预借

序号 登录号 条形码 馆藏地/架位号 状态 备注
1 1110200   211102000   第一样本阅览室/ [索取号:G764/109] 在馆    
2 1110201   211102019   教育系资料室/ [索取号:G764/109] 在馆    
3 1110202   211102028   教育系资料室/ [索取号:G764/109] 在馆    
4 1110203   211102037   第四借阅区/ [索取号:G764/109] 在馆    
唐山师范学院图书馆 欢迎您!
大连网信软件有限公司© 版权所有